A mais bela história do mundo : os segredos das nossas origens (Registo nº 200156)

Detalhes MARC
000 -Etiqueta do registo
Valores 00721nam 22002293 4500
010 ## - Número ISBN
ISBN 972-662-506-8
021 ## - Número do Depósito Legal
Código do país Portugal
Número 104473/96
100 ## - Dados gerais de processamento
Dados gerais 20260123d u||y0pory50 ba
200 ## - Titulo e menção de responsabilidade
Título próprio A mais bela história do mundo : os segredos das nossas origens
Primeira menção de responsabilidade Hubert Reeves... [et al.]
Outras menções de responsabilidade tradução Jorge Branco
205 ## - Menção da edição
Edição
210 ## - Publicação
Local de publicação Lisboa
Nome do editor Gradiva
Data de publicação 1996
215 ## - Descrição física 
Paginação / Volumes 141 p.
Outras indicações físicas brochado
Dimensões 21 cm
225 ## - Colecção 
Título próprio da colecção Ciência aberta
Número de parte ou secção 82
606 ## - Nome comum usado como assunto
Palavra de ordem Biologia. Ciências biológicas no geral
ID Autoridade 94
675 ## - CDU
Notação 573
Edição PT
Língua por
701 ## - Co-autor principal (pessoa individual)
ID Autoridade 15585
Apelido Reeves
Nome Hubert
Datas 1932-2023
702 ## - Autor secundário (pessoa individual)
ID Autoridade 12537
Apelido Branco
Nome Jorge Freitas
Datas 1952-
801 ## - Fonte de origem
País PT
Agência BMMN
Regras de catalogação RPC
830 ## - Notas gerais do catalogador
Criado por Vanda
990 ## - Elementos KOHA
Tipo de documento Livro
Exemplares
Situação do levantamento Biblioteca de origem Código de barras Cota Permissão de empréstimo Tipo de documento Forma de aquisição
  Biblioteca Municipal de Montemor-o-Novo 29251 573 MAI|DEP   Livro Compra

Powered by Koha